Quiz sur le Gard - Statistiques

Statistiques générales
  • Ce quiz a été pris 185 fois
  • Le résultat moyen est 15 sur 20
Statistiques - réponses
Question Réponse % Correct
Numéro du département 30
99%
Préfecture et plus grand ville Nîmes
99%
Région Occitanie
96%
Hérault
95%
Civilisation à laquelle nous devons la Maison Carrée, les arènes de la préfecture et le Pont du Gard. Civilisation romaine
94%
Sous-préfectures Alès
88%
Bouches-du-Rhône
88%
Gentilé Gardois
83%
Lozère
82%
Vaucluse
82%
Marque de confiserie internationale ayant un musée à Uzès. Haribo
79%
Étendue d'eau bordant le département. Mer Méditerranée
79%
Départements limitrophes Ardèche
77%
Aveyron
71%
Parc national situé à l'ouest du département. Parc national des Cévennes
64%
Commune connue pour ses remparts, la Tour de Constance et ses salins. Aigues-Mortes
62%
Chanteur gagnant de la Nouvelle Star né dans le département. Julien Doré
55%
Unique commune du littoral du Gard dont le quartier de Port-Camargue est le premier port de plaisance d'Europe. Le Grau-du-Roi
51%
Autre sous-préfecture Le Vigan
42%
Nombre d'habitants (arrondi à la dizaine de milliers d'habitants) 750 000 (745 458)
35%
Aucun quiz correspondant
Distribution des résultats
% des personnes avec chaque résultat
Percentile par nombre de réponses
Votre historique - résultats
Vous n’avez pas pris ce quiz